Quizzes
Events
Quiz Creation
Community
Videos
Private Events
Remove Ads
Sign In
Join for FREE
Feedback
Dark Mode
Quiz Categories
Sports
Geography
Music
Movies
Television
Just For Fun
Miscellaneous
History
Literature
Language
Science
Gaming
Entertainment
Religion
Holiday
For Kids
Quiz Lab
Recent
Popular Today
Quiz Kudos Today
Editor Picks
Curator Picks
Quizzes by...
Day
Popularity
Type
Ratings
Length
Year
Community
Subscriptions
Recent Discussions
Orange Saloon
Badges
Playlists
Quests
Create
Leaderboards
Showdown
Live 5
Trivia Bingo
Activity
Puzzle Library
Sporcle Events
Private Events
Virtual Trivia
Globe League
Become a Host
Pub Owners
SporcleCon
Opinionation
Our Games
Videos
Blog
Mobile Apps
Partnerships
Remove Ads and Go Orange
Feedback
Science
Computer
Plants
Astronomy
Chemistry
Elements
Math
Animal
Physics
Anatomy
Biology
Geology
General Science
Science
Computer
Plants
Astronomy
Chemistry
Elements
Math
Animal
Physics
Anatomy
Biology
Geology
General Science
Random Quiz
Search Sporcle
×
Quiz Lab
Quiz Lab
Science
electron
Type in answers that appear in a list
Type in answers that appear in a list
Classic
Best Score? Go Orange.
Electron Configurations Stats
Can you name the Electron Configurations?
By
farmdizzle
20m
30 Questions
312 Plays
312 Plays
312 Plays
Comments
Comments
Give Quiz Kudos
Give Quiz Kudos
-
- Ratings
hide this ad
Forced Order
Answers have to be entered in order
Answers have to be entered in order
Random Order
Randomize order of answers
Randomize order of answers
Replay
Link that replays current quiz
Next Quiz
Link to next quiz in quiz playlist
You Got
0%
They Got
Avg Score
78%
Avg Friend Score
Upgrade to see
Score Distribution
Jump to the score distribution portion of the page
Score
0/30
Timer
20:00
0
Plays Today
Element
Configuration
% Correct
Hydrogen
1s1
83%
Carbon
1s2 2s2 2p2
82.6%
Helium
1s2
82.3%
Nitrogen
1s2 2s2 2p3
82.3%
Lithium
1s2 2s1
82%
Neon
1s2 2s2 2p6
81.7%
Fluorine
1s2 2s2 2p5
81.7%
Chlorine
1s2 2s2 2p6 3s2 3p5
80.4%
Oxygen
1s2 2s2 2p4
80.4%
Aluminium
1s2 2s2 2p6 3s2 3p1
80.4%
Phosphorus
1s2 2s2 2p6 3s2 3p3
79.7%
Argon
1s2 2s2 2p6 3s2 3p6
79.7%
Silicon
1s2 2s2 2p6 3s2 3p2
79.4%
Boron
1s2 2s2 2p1
79.4%
Sodium
1s2 2s2 2p6 3s1
79.1%
Element
Configuration
% Correct
Potassium
1s2 2s2 2p6 3s2 3p6 4s1
79.1%
Sulfur
1s2 2s2 2p6 3s2 3p4
78.8%
Gallium
1s2 2s2 2p6 3s2 3p6 4s2 3d10 4p1
78.8%
Magnesium
1s2 2s2 2p6 3s2
78.1%
Calcium
1s2 2s2 2p6 3s2 3p6 4s2
78.1%
Zinc
1s2 2s2 2p6 3s2 3p6 4s2 3d10
78.1%
Krypton
1s2 2s2 2p6 3s2 3p6 4s2 3d10 4p6
77.8%
Vanadium
1s2 2s2 2p6 3s2 3p6 4s2 3d3
77.8%
Rubidium
1s2 2s2 2p6 3s2 3p6 4s2 3d10 4p6 5s1
77.8%
Bromine
1s2 2s2 2p6 3s2 3p6 4s2 3d10 4p5
77.2%
Nickel
1s2 2s2 2p6 3s2 3p6 4s2 3d8
76.5%
Selenium
1s2 2s2 2p6 3s2 3p6 4s2 3d10 4p4
76.2%
Iron
1s2 2s2 2p6 3s2 3p6 4s2 3d6
75.9%
Silver
1s2 2s2 2p6 3s2 3p6 4s2 3d10 4p6 5s2 4d9
73.6%
Radium
1s2 2s2 2p6 3s2 3p6 4s2 3d10 4p6 5s2 4d10 5p6 6s2 4f14 5d10 6p6 7s2
59.2%
Quiz Playlist
Details
Report
Send in Message
Add To Playlist
Classic:
Type in answers that appear in a list
Forced Order:
Answers have to be entered in order
Random Order:
Randomize order of answers
Last Updated: Feb 16, 2017
Quiz Scoreboard
CHALLENGE
Sign Up to Join the Scoreboard
Show All
Scores
Hide
Comments
May contain spoilers
Recently Published
College Basketball Coaching Resumes
by pancakes188
Sports
9m
Billboard Blitz: Fleetwood Mac
by CooCooCachoo
Music
15s
Presidents Visiting Landmarks
by Hejman
History
7m
More to Explore
Quiz From the Vault
Featured Blog Post
Where Did the Easter Bunny Come From?
hide this ad
You Might Also Like...
Tags
configuration
electron
Today's Top Quizzes in Science
Browse Science
hide this ad
Today's Top Quizzes in electron
Browse electron
Top Contributed Quizzes in Science
1
Quick Pick: Radians
2
Quick Pick: 'CI-CJ' Animals
3
The First 100 Digits of Pi
4
Elements In Images
5
One Thing in Common: Science
6
Science Jokes
7
Name the Acid, Base or Salt
8
One Thing in Common: Science II
9
One Thing in Common: Science III
10
One Thing in Common: Animals
Explore More
Trending Topics
Disney
Kpop
Harry Potter
Anime
Crossword
Marvel
NBA
Song
Soccer
NFL
The Office
Puzzle
Country
WWE
Pokémon
hide this ad
More By:
farmdizzle
Quiz
Plays
Rating
Category
Featured
Created
Valence Electrons of Elements
5,630
1.75
Science
Apr 1, 2010
Electron Configurations
312
3.00
Science
Apr 1, 2010
Digits of Mole
152
1.55
Science
Mar 26, 2010
Families of the Periodic Table
132
2.00
Science
Apr 1, 2010
Oxidation Numbers of Groups
75
1.00
Science
Apr 1, 2010
Go to Creator's Profile
Score Distribution
Quiz Creator Spotlight
farmdizzle
Follow
Send a Message
Quizzes Created
-
Created Quiz Play Count
-
More By This Creator
Popular Quizzes Today
1
Find the US States - No Outlines Minefield
2
Find the Countries of Europe - No Outlines Minefield
3
The Countries of the World
4
Find the US States
5
Risky Map Clicking: Biggest States A-Z
6
US States
7
Popular People in 1961
8
Movies - When Are They Set?
More Science Quizzes
Build the Human Skull
Published
Trending Quizzes
Risky Map Clicking: Least Populous States A-Z
1-10 Letter G Words
1-10 Letter F Words
Risky Map Clicking: Next State Alphabetically
Risky Map Clicking: Biggest States A-Z
Recently Updated
Leaping Animals
pecheneg
Reality TV Shows (A-Z)
bhenderson79
Rickey Henderson's Hall of Fame Teammates
pecheneg
Champions League XIs: Arsenal
pecheneg
Quick Pick: Celebrities in WWE's Hall of Fame
aduchscher
A-Z Keypad Blitz II
pecheneg
Multiple Oscar Actors
pecheneg
Mystery Phrase Blitz: Oscar 'Best Actors'
pecheneg
F. Scott Fitzgerald Novels
LTH
Pick 3 Villains
ddd62291
Trending Topics
NBA
Anime
Harry Potter
Disney
Crossword
Marvel
Kpop
NFL
Puzzle
Pokémon
The Office
WWE
Song
Soccer
Country
Your Account Isn't Verified!
In order to create a playlist on Sporcle, you need to verify the email address you used during registration. Go to your
Sporcle Settings
to finish the process.
Report this User
Report this user for behavior that violates our
Community Guidelines
.
Details:
Send Report
Go to the Sporcle.com Mobile Site →
Comments